[Event "XVII Profigaia Open 2017"]
[Site "Gaia"]
[Date "2017.06.14"]
[Round "1"]
[White "Petkov, Vladimir"]
[Black "Pedroso, Manuel"]
[Result "1-0"]
[WhiteElo "2484"]
[BlackElo "1285"]
[Annotator "TA"]
[PlyCount "65"]
[EventDate "2017.??.??"]
[EventType "swiss"]
[EventCountry "POR"]
[SourceTitle "playchess.com"]
[Source "ChessBase"]
[SourceQuality "1"]

{[%evp 13,65,12,22,18,13,-4,12,18,74,25,97,127,150,109,191,170,190,159,241,248,254,235,387,386,380,331,389,381,491,505,489,485,500,499,495,509,596,573,779,775,847,841,923,914,1018,1008,1865,1938,1891,1757,5214,29970,29971,29971]} 1. d4 c6 2. Nf3 d5 3. c4 Nf6 4. Nc3 e6 5. g3 dxc4 6. Bg2 Bb4 7. O-O Nbd7 {LiveBook: 39 Games} 8. Nd2 {E01: Catalan: Early deviations} Nb6 9. e3 {[%cal Be2e3,Be3e4,Be4e5][%mdl 32]} O-O (9... e5 $5) 10. Qe2 {The position is equal.} Nbd5 $146 (10... Bd7 $11) ({Predecessor:} 10... Nfd5 11. Nxc4 Nxc3 12. bxc3 Bxc3 13. Rb1 Nxc4 14. Qxc4 Ba5 15. Ba3 Re8 {½-½ (15) Maletin,P (2576)-Dreev,A (2662) St Petersburg 2009}) 11. Qxc4 Bxc3 (11... b5 $11 {remains equal.} 12. Qxc6 Bd7) 12. bxc3 $16 Re8 13. Qb3 Rb8 (13... e5 $16 {was worth a try.}) 14. e4 $18 Ne7 15. Nc4 Ng6 (15... b5 $16 {keeps fighting.} 16. Ba3 Nd7) 16. e5 Nd5 17. h4 Nxh4 $2 {[#]} (17... c5 18. Nd6 (18. dxc5 Qc7 $18) 18... Rf8) 18. gxh4 Qxh4 19. Nd6 Rd8 20. c4 Nf4 21. Bxf4 Qxf4 22. Qg3 Qxg3 23. fxg3 Rf8 24. Rab1 b6 25. Bxc6 Ba6 26. Rb3 f6 27. Ra3 Bxc4 28. Nxc4 Rbc8 29. d5 exd5 30. Bxd5+ Kh8 31. Rxa7 fxe5 32. Rxf8+ Rxf8 33. Nxe5 {Precision: White = 77%, Black = 10%.} 1-0

[Event "XVII Profigaia Open 2017"]
[Site "Gaia"]
[Date "2017.06.14"]
[Round "1"]
[White "Frois, Antonio"]
[Black "Oliveira, Afonso Duarte Q"]
[Result "1-0"]
[WhiteElo "2278"]
[BlackElo "1104"]
[Annotator "ChessBase"]
[PlyCount "35"]
[EventDate "2017.??.??"]
[EventType "swiss"]
[EventCountry "POR"]
[SourceTitle "playchess.com"]
[Source "ChessBase"]
[SourceQuality "1"]
[TimeControl "5400+30"]

1. e4 {[%emt 0:00:00]} e5 {[%emt 0:00:02]} 2. Nf3 {[%emt 0:00:00]} Nc6 {[%emt 0:00:32]} 3. Bb5 {[%emt 0:00:00]} a6 {[%emt 0:00:45]} 4. Ba4 {[%emt 0:00:00]} Nf6 {[%emt 0:00:41]} 5. O-O {[%emt 0:00:11]} Bd6 {[%emt 0:00:20]} 6. d4 {[%emt 0:00:18]} Nxe4 {[%emt 0:01:58]} 7. Re1 {[%emt 0:00:31]} Nf6 {[%emt 0:02:16]} 8. dxe5 {[%emt 0:00:12]} Bc5 {[%emt 0:02:41]} 9. exf6+ {[%emt 0:00:09]} Kf8 {[%emt 0:01:14]} 10. Bg5 {[%emt 0:00:25]} gxf6 {[%emt 0:00:59]} 11. Bh6+ {[%emt 0:00:56]} Kg8 {[%emt 0:00:09]} 12. Qe2 {[%emt 0:00:46]} Qe7 {[%emt 0:01:05]} 13. Qd2 {[%emt 0:00:20]} Ne5 {[%emt 0:01:19]} 14. Nc3 {[%emt 0:00:54]} d6 {[%emt 0:00:42]} 15. Qf4 {[%emt 0:00:28]} Bg4 {[%emt 0:01:24]} 16. Rxe5 {[%emt 0:00:19]} fxe5 {[%emt 0:01:43]} 17. Qxg4+ {[%emt 0:00:09]} Qg5 {[%emt 0:00:46]} 18. Qxg5# 1-0

[Event "XVII Profigaia Open 2017"]
[Site "Gaia"]
[Date "2017.06.14"]
[Round "1"]
[White "Santos, Ricardo"]
[Black "Soares, Sara Joana De Moura"]
[Result "1-0"]
[WhiteElo "2088"]
[BlackElo "1183"]
[Annotator "NA RC"]
[PlyCount "95"]
[EventDate "2017.??.??"]
[EventType "swiss"]
[EventCountry "POR"]
[SourceTitle "playchess.com"]
[Source "ChessBase"]
[SourceQuality "1"]
[TimeControl "5400+30"]

{[%evp 30,95,310,32767,336,337,313,302,328,321,349,379,364,371,383,32767,32767,32767,32767,32767,500,512,32767,32767,32767,32767,581,540,695,604,1138,1111,1262,818,842,785,881,652,695,699,32767,32767,741,799,32767,32767,731,831,852,685,613,708,650,757,750,760,793,845,864,885,29991,29992,29992,29993,29994,29995,29995,29996]} 1. e4 {[%emt 0:00:00]} e5 {[%emt 0:00:18]} 2. Nf3 {[%emt 0:00:00]} Nc6 {[%emt 0:00:13]} 3. Bb5 {[%emt 0:00:00]} a6 {[%emt 0:00:18]} 4. Ba4 {[%emt 0:00:00]} Nf6 {[%emt 0:00:47]} 5. O-O {[%emt 0:00:00]} b5 {[%emt 0:00:37]} 6. Bb3 {[%emt 0:00:03]} Bc5 {[%emt 0:00:59]} 7. c3 {[%emt 0:00:11]} Bb6 {[%emt 0:00:33]} 8. d4 {[%emt 0:01:01] C78: Ruy Lopez: Archangelsk and Möller Defences} O-O {[%emt 0:04:25]} 9. Re1 {[%emt 0:00:51]} d6 {[%emt 0:03:21]} 10. h3 {[%emt 0:00:09]} h6 {[%emt 0:00:34]} 11. a4 {[%emt 0:00:07]} (11. Be3 Rb8 12. Nbd2 Re8 13. a3 Na5 14. Ba2 c5 15. b4 cxd4 16. cxd4 Nc6 17. dxe5 dxe5 {½-½ (40) Areshchenko,A (2691)-Fedorchuk,S (2634) Kiev 2012}) 11... Be6 $146 {[%emt 0:01:48]} ({Predecessor:} 11... Bb7 12. d5 Ne7 13. Nbd2 c6 14. dxc6 Bxc6 15. c4 Ng6 16. Qc2 Rc8 17. Qb1 Nf4 18. Nf1 bxc4 19. Bxc4 Bxe4 20. Rxe4 Nxe4 21. Qxe4 {0-1 (65) Veszpremi,A (2256)-Szabo,K (2546) Hungary 2011}) 12. d5 {[%emt 0:00:07]} Bd7 {[%emt 0:00:21]} 13. dxc6 {[%emt 0:00:12]} Bxc6 {[%emt 0:02:34]} 14. Nbd2 {[%emt 0:00:47]} Qd7 {[%emt 0:01:36]} 15. Bc2 {[%emt 0:00:52]} Rfe8 {[%emt 0:02:28]} 16. Nf1 {[%emt 0:00:34]} bxa4 {[%emt 0:12:22]} 17. Bxa4 {[%emt 0:00:20]} Bxa4 {[%emt 0:02:29]} 18. Qxa4 {[%emt 0:02:03]} Qxa4 {[%emt 0:00:43]} 19. Rxa4 {[%emt 0:02:52]} Kh7 {[%emt 0:01:35]} 20. Be3 {[%emt 0:00:19]} Reb8 {[%emt 0:00:55]} 21. Bxb6 {[%emt 0:01:43]} Rxb6 {[%emt 0:00:08]} 22. b4 {[%emt 0:00:14]} Rc6 {[%emt 0:02:04]} 23. Ra3 {[%emt 0:00:44]} Nd7 {[%emt 0:03:47]} 24. Rea1 {[%emt 0:00:13]} Nb6 {[%emt 0:00:38]} 25. Ne3 {[%emt 0:01:35]} Nc4 {[%emt 0:03:22]} 26. Nxc4 {[%emt 0:00:05]} Rxc4 {[%emt 0:00:04]} 27. Nd2 {[%emt 0:00:03]} Rc6 {[%emt 0:00:41] [#]} 28. b5 $1 {[%emt 0:00:03]} Rb6 {[%emt 0:00:30]} 29. Rxa6 {[%emt 0:00:04]} Raxa6 {[%emt 0:00:59]} 30. bxa6 {[%emt 0:00:10]} Rb8 {[%emt 0:00:19]} 31. Nb3 {[%emt 0:01:49]} Ra8 {[%emt 0:01:08]} 32. a7 {[%emt 0:00:06]} Kg6 {[%emt 0:01:11]} 33. c4 {[%emt 0:00:37]} Kf6 {[%emt 0:00:28]} 34. c5 {[%emt 0:00:04]} Ke6 {[%emt 0:00:24]} 35. Ra6 {[%emt 0:00:09]} Kd7 {[%emt 0:00:30]} 36. cxd6 {[%emt 0:00:08]} cxd6 {[%emt 0:00:11]} 37. Na5 {[%emt 0:00:09]} Kc7 {[%emt 0:00:36]} 38. Nc4 {[%emt 0:01:22]} Kb7 {[%emt 0:02:00]} 39. Ra1 {[%emt 0:00:17]} Kc6 {[%emt 0:00:26]} 40. Kf1 {[%emt 0:02:52]} f6 {[%emt 0:02:31]} 41. Ke2 {[%emt 0:00:11]} g6 42. Kd3 {[%emt 0:05:28]} f5 {[%emt 0:02:32]} 43. f3 {[%emt 0:00:42]} h5 {[%emt 0:03:32]} 44. h4 {[%emt 0:00:09]} Kd7 {[%emt 0:01:27]} 45. Nb6+ {[%emt 0:00:06]} Kc6 {[%emt 0:00:21]} 46. Nxa8 {[%emt 0:00:11]} Kb7 {[%emt 0:00:13] [#]} 47. Nb6 $1 {[%emt 0:00:12]} Kxb6 {[%emt 0:00:05]} 48. a8=Q {[%emt 0:00:06]} 1-0

[Event "XVII Profigaia Open 2017"]
[Site "Gaia"]
[Date "2017.06.14"]
[Round "1"]
[White "Margarido, Jose Miguel Teixeir"]
[Black "Marques, Ricardo Taborda Tri"]
[Result "1-0"]
[WhiteElo "2038"]
[BlackElo "1714"]
[Annotator "NA RC"]
[PlyCount "49"]
[EventDate "2017.??.??"]
[EventType "swiss"]
[EventCountry "POR"]
[SourceTitle "playchess.com"]
[Source "ChessBase"]
[SourceQuality "1"]
[TimeControl "5400+30"]

{[%evp 17,48,10,12,0,15,0,67,64,62,66,32767,32767,61,54,106,100,107,122,166,166,160,190,178,188,465,505,693,32767,704,950,895,730,3882]} 1. e4 {[%emt 0:00:00]} e5 {[%emt 0:00:07]} 2. Nf3 {[%emt 0:00:00]} Nf6 {[%emt 0:01:00]} 3. Nxe5 {[%emt 0:00:00]} d6 {[%emt 0:00:33]} 4. Nf3 {[%emt 0:00:00]} Nxe4 {[%emt 0:00:06]} 5. Nc3 {[%emt 0:00:14]} Nxc3 {[%emt 0:02:19]} 6. dxc3 {[%emt 0:00:02]} Nc6 {[%emt 0:00:21]} 7. Be3 {[%emt 0:00:26] C42: Petroff Defence: 3 Nxe5 and unusual White 3rd moves} Be6 {[%emt 0:05:36]} (7... Be7 8. Qd2 Be6 9. O-O-O Qd7 10. Kb1 Bf6 11. h4 (11. h3 a6 12. g4 h6 13. Bg2 Na5 14. Nd4 Nc4 {0-1 (41) Zhou,G (2239)-Ren,X (2157) China 2016}) 11... O-O-O 12. Nd4 Nxd4 13. Bxd4 Be5 14. Be2 g6 15. h5 Qa4 16. c4 Qc6 {1-0 (24) Leko,P (2693)-Wei,Y (2707) Doha 2016}) 8. Qd2 {[%emt 0:01:26]} a5 $146 {[%emt 0:07:08]} 9. Be2 {[%emt 0:11:39]} Be7 {[%emt 0:03:09]} 10. Ng5 {[%emt 0:10:31]} Bf5 {[%emt 0:12:18]} (10... Bxg5 $5 11. Bxg5 Qd7 $11) 11. g4 {[%emt 0:00:56]} Bxg5 {[%emt 0:04:14]} (11... Bd7 $11) 12. Bxg5 {[%emt 0:00:34]} f6 {[%emt 0:00:16]} 13. gxf5 {[%emt 0:09:28]} fxg5 {[%emt 0:00:35]} 14. Bh5+ {[%emt 0:00:13]} Kd7 {[%emt 0:02:14]} (14... g6 $1 $11 15. fxg6 Qe7+ 16. Qe2 O-O-O) 15. O-O-O {[%emt 0:00:59]} Ne5 {[%emt 0:07:27]} 16. Rhg1 {[%emt 0:08:42]} g6 {[%emt 0:05:33] [#]} 17. Be2 $1 {[%emt 0:10:55]} h6 {[%emt 0:03:47]} (17... g4 $16) 18. f4 {[%emt 0:09:29]} gxf4 19. Qxf4 {[%emt 0:00:12]} ({Don't take} 19. fxg6 $6 Qf6 $16) 19... Qf6 {[%emt 0:16:57]} 20. Qa4+ {[%emt 0:03:18]} Nc6 $2 {[%emt 0:06:00]} (20... c6) 21. fxg6 {[%emt 0:01:32]} Rhg8 {[%emt 0:01:47]} (21... Kc8 $142 22. Rdf1 Qg7) 22. Rdf1 {[%emt 0:05:30]} Qe5 {[%emt 0:03:24]} 23. Qg4+ {[%emt 0:02:10]} Kd8 {[%emt 0:06:16]} 24. g7 {[%emt 0:08:24]} Ke7 $18 {[%emt 0:03:50]} 25. Bc4 {[%emt 0:01:50]} 1-0

[Event "XVII Profigaia Open 2017"]
[Site "Gaia"]
[Date "2017.06.14"]
[Round "1"]
[White "De Sousa Da Silva, Armando"]
[Black "Fernandes, Tiago Joao Carneiro"]
[Result "0-1"]
[WhiteElo "1926"]
[BlackElo "1182"]
[Annotator "NA RC"]
[PlyCount "79"]
[EventDate "2017.??.??"]
[EventType "swiss"]
[EventCountry "POR"]
[SourceTitle "playchess.com"]
[Source "ChessBase"]
[SourceQuality "1"]
[TimeControl "5400+30"]

{[%evp 16,78,38,43,37,11,26,6,162,152,163,166,178,164,232,204,241,32767,32767,172,298,248,235,226,389,394,409,402,786,763,852,986,1045,947,975,1362,1800,1837,2020,2218,1982,2361,2998,32767,32767,32767,32767,29991,29991,32767,29992,29993,29994,29994,29994,29994,29996,2834,29994,29995,29995,29996,29998,29999,29999]} 1. f4 {[%emt 0:00:00]} d5 {[%emt 0:09:40]} 2. Nf3 {[%emt 0:00:16]} Bf5 {[%emt 0:00:26]} 3. e3 {[%emt 0:00:23] A03: Bird's Opening with 1...d5} e6 {[%emt 0:00:31]} 4. b3 {[%emt 0:00:10]} (4. g3 h5 5. d3 h4 6. Nxh4 Rxh4 7. gxh4 Qxh4+ 8. Kd2 d4 9. Qe1 dxe3+ 10. Kd1 {½-½ (52) Bricard,E (2489)-Prie,E (2510) Pau 2012}) 4... Bd6 {[%emt 0:00:46]} 5. Bb2 {[%emt 0:00:15]} f6 {[%emt 0:00:42]} 6. Nd4 {[%emt 0:03:25]} Ne7 {[%emt 0:01:23]} 7. Nxf5 $146 {[%emt 0:00:48]} ({Predecessor:} 7. d3 c5 8. Nf3 Nbc6 9. Nbd2 d4 10. e4 Bg4 {½-½ (26) Stephan,J-Bauer,R (2315) Germany 1996}) 7... Nxf5 {[%emt 0:00:20]} 8. Qh5+ {[%emt 0:02:35]} g6 {[%emt 0:03:40]} 9. Qh3 {[%emt 0:00:11]} Nd7 {[%emt 0:04:39]} 10. Nc3 {[%emt 0:01:43]} c6 {[%emt 0:01:46]} 11. Bd3 {[%emt 0:00:33]} Ng7 $2 {[%emt 0:02:10] [#]} (11... Nc5 $11) 12. Bxg6+ $1 {[%emt 0:00:27]} Ke7 {[%emt 0:01:46]} 13. Bd3 {[%emt 0:02:28]} Qg8 {[%emt 0:03:18]} 14. O-O-O {[%emt 0:04:36]} b5 {[%emt 0:06:50]} (14... Kd8 $16 15. Kb1 Kc7) 15. Ne2 {[%emt 0:06:29]} Nc5 {[%emt 0:03:55]} 16. Kb1 {[%emt 0:04:20]} a6 {[%emt 0:01:50]} 17. Qh6 {[%emt 0:01:04]} e5 {[%emt 0:02:23]} (17... Qf7 $16 18. g4 Nxd3) 18. fxe5 {[%emt 0:03:09]} fxe5 {[%emt 0:03:09]} 19. Qg5+ {[%emt 0:03:03]} Ke8 $2 {[%emt 0:11:05]} (19... Kd7 {is a better defense.} 20. Bxe5 Nge6) 20. Bxe5 {[%emt 0:02:10]} Nce6 {[%emt 0:02:07]} 21. Qg3 {[%emt 0:02:42]} Bf8 {[%emt 0:15:20]} (21... Bxe5 $142 22. Qxe5 Qf7) 22. e4 {[%emt 0:03:14]} Nc5 {[%emt 0:03:29]} 23. exd5 {[%emt 0:01:42]} cxd5 {[%emt 0:06:46]} 24. Nf4 {[%emt 0:01:13]} Ra7 {[%emt 0:05:33]} 25. Rde1 {[%emt 0:01:42]} Qf7 {[%emt 0:01:52]} 26. Bxg7+ {[%emt 0:01:47]} Kd8 {[%emt 0:00:16]} 27. Bxh8 {[%emt 0:00:14]} Bd6 {[%emt 0:00:40]} 28. Be5 {[%emt 0:00:31]} Bf8 {[%emt 0:02:30]} 29. Rhf1 {[%emt 0:01:48]} Re7 {[%emt 0:01:58]} 30. Ne6+ {[%emt 0:03:00]} Qxe6 {[%emt 0:00:45]} 31. Rxf8+ {[%emt 0:00:08]} Kd7 {[%emt 0:01:48]} 32. Bf5 {[%emt 0:00:16]} Qxf5 {[%emt 0:01:51]} 33. Rxf5 {[%emt 0:00:15]} Nb7 {[%emt 0:00:25]} 34. Ref1 {[%emt 0:01:00]} Nd8 {[%emt 0:00:31]} 35. Bf6 {[%emt 0:00:17]} Ke8 {[%emt 0:01:03]} 36. Qg8+ {[%emt 0:00:24]} (36. Qd6 $142 Rd7 37. Re5+ Kf7 38. Qxd7+ Kg8 39. Qg7#) 36... Kd7 {[%emt 0:00:11]} 37. Rxd5+ {[%emt 0:00:08]} Kc6 {[%emt 0:00:54]} 38. Qxd8 {[%emt 0:00:29]} Re6 {[%emt 0:00:18]} 39. Qd7+ {[%emt 0:00:13]} Kb6 {[%emt 0:00:15]} 40. Bd8# {[%emt 0:00:18]} 0-1

[Event "XVII Profigaia Open 2017"]
[Site "Gaia"]
[Date "2017.06.14"]
[Round "1"]
[White "Duarte, Duarte"]
[Black "Mesquita, Goncalo Sincero Cos"]
[Result "1-0"]
[WhiteElo "1916"]
[BlackElo "1173"]
[Annotator "NA RC"]
[PlyCount "90"]
[EventDate "2017.??.??"]
[EventType "swiss"]
[EventCountry "POR"]
[SourceTitle "playchess.com"]
[Source "ChessBase"]
[SourceQuality "1"]
[TimeControl "5400+30"]

{[%evp 13,90,10,25,3,50,49,60,35,78,63,118,68,102,68,74,54,360,335,367,47,44,44,145,153,235,247,241,139,178,174,187,156,270,283,286,278,348,286,310,245,246,201,32767,32767,32767,32767,32767,32767,32767,32767,32767,32767,32767,32767,32767,32767,32767,32767,32767,32767,32767,32767,32767,32767,32767,32767,32767,32767,32767,32767,32767,32767,32767,32767,32767,32767,32767,29986,29986]} 1. d4 {[%emt 0:13:13]} d5 {[%emt 0:00:20]} 2. c4 {[%emt 0:00:10]} e6 {[%emt 0:00:27]} 3. Nc3 {[%emt 0:00:07]} Nf6 {[%emt 0:00:21]} 4. Bg5 {[%emt 0:00:11]} Be7 {[%emt 0:01:29]} 5. e3 {[%emt 0:00:18]} Ne4 {[%emt 0:05:22]} 6. Bxe7 {[%emt 0:01:11]} Qxe7 {[%emt 0:00:21]} 7. Bd3 {[%emt 0:06:23] D53: Queen's Gambit Declined: 4 Bg5 Be7: Early deviations} Nxc3 {[%emt 0:01:59]} 8. bxc3 {[%emt 0:00:04]} Qa3 $146 {[%emt 0:03:52]} ({Predecessor:} 8... dxc4 9. Bxc4 O-O 10. Nf3 b6 11. O-O Bb7 12. Re1 c5 13. e4 cxd4 14. cxd4 Rd8 15. Qe2 Nc6 16. Rad1 Rac8 17. d5 Na5 18. Bd3 exd5 {1-0 (35) Vokac,M (2455)-Dolezal,R (2396) Teplice 2006}) 9. Qc2 {[%emt 0:00:46]} Nd7 {[%emt 0:01:35]} 10. Nf3 {[%emt 0:00:37]} Nf6 {[%emt 0:01:55]} 11. O-O {[%emt 0:00:37]} Bd7 {[%emt 0:00:38]} 12. Rab1 {[%emt 0:06:33]} Rb8 {[%emt 0:02:17]} 13. c5 {[%emt 0:02:20]} Ba4 $1 {[%emt 0:03:55]} 14. Qd2 {[%emt 0:00:31]} Ne4 $2 {[%emt 0:00:25]} (14... O-O $14) 15. Bxe4 $1 {[%emt 0:00:31]} dxe4 {[%emt 0:00:12] [#]} 16. Ng5 $2 {[%emt 0:02:32]} (16. Ne5 $1 $18 {[%cal Re5c4]} Bd7 17. Qe2) 16... Bc6 {[%emt 0:01:26]} 17. Qc2 {[%emt 0:01:15]} a6 {[%emt 0:00:59]} (17... b6 $14) 18. Nxe4 {[%emt 0:06:16]} Bxe4 {[%emt 0:00:37]} (18... Qa4 $16 {was worth a try.} 19. Qxa4 Bxa4) 19. Qxe4 {[%emt 0:00:05]} O-O {[%emt 0:00:12]} 20. Qc2 {[%emt 0:00:46]} (20. Rxb7 $18 Qxa2 21. Rxc7) 20... Rfe8 {[%emt 0:01:26]} 21. Rb3 {[%emt 0:01:44]} Qa4 {[%emt 0:00:50]} 22. Qb2 {[%emt 0:01:00]} Re7 {[%emt 0:00:37]} (22... b6 {keeps fighting.} 23. Rb1 (23. cxb6 Rxb6 24. Rxb6 cxb6 $16) 23... Rec8) 23. Rxb7 {[%emt 0:01:28]} Rxb7 {[%emt 0:00:13]} 24. Qxb7 {[%emt 0:00:07]} g6 {[%emt 0:00:22]} 25. Qb3 {[%emt 0:00:54]} Qb5 {[%emt 0:00:39]} 26. Qxb5 {[%emt 0:01:29]} axb5 {[%emt 0:00:10]} 27. Rb1 {[%emt 0:03:10]} c6 {[%emt 0:00:13]} 28. a3 {[%emt 0:00:29]} Ra7 {[%emt 0:00:10]} 29. Rb3 {[%emt 0:00:08]} Kg7 {[%emt 0:00:21]} 30. Kf1 {[%emt 0:00:06]} Ra5 {[%emt 0:00:36]} 31. Ke2 {[%emt 0:00:08]} Kf6 {[%emt 0:00:13]} 32. Kd3 {[%emt 0:00:05]} Ke7 {[%emt 0:00:31]} 33. c4 {[%emt 0:00:11]} bxc4+ {[%emt 0:00:41]} 34. Kxc4 {[%emt 0:00:08]} Ra4+ {[%emt 0:00:17]} 35. Kc3 {[%emt 0:00:20]} h5 {[%emt 0:00:33]} 36. Rb7+ {[%emt 0:00:09]} Ke8 {[%emt 0:00:37]} 37. Kb3 {[%emt 0:00:14]} Ra6 {[%emt 0:00:19]} 38. Rb6 {[%emt 0:00:19]} Rxb6+ {[%emt 0:00:39]} 39. cxb6 {[%emt 0:00:07]} Kd8 {[%emt 0:00:23]} 40. Kc4 {[%emt 0:00:05]} Kc8 {[%emt 0:00:29]} 41. Kc5 {[%emt 0:00:02]} Kb7 {[%emt 0:00:21]} 42. a4 {[%emt 0:00:05]} f6 {[%emt 0:00:24]} 43. a5 {[%emt 0:00:06]} e5 {[%emt 0:00:20]} 44. Kd6 {[%emt 0:00:16]} exd4 {[%emt 0:00:15]} 45. exd4 {[%emt 0:00:06]} f5 {[%emt 0:00:32]} 1-0

[Event "XVII Profigaia Open 2017"]
[Site "Gaia"]
[Date "2017.06.14"]
[Round "1"]
[White "Moura, Paulo Jorge Alves B"]
[Black "Andrade, Ricardo Sarmento"]
[Result "0-1"]
[WhiteElo "1913"]
[BlackElo "1754"]
[Annotator "NA RC"]
[PlyCount "106"]
[EventDate "2017.??.??"]
[EventType "swiss"]
[EventCountry "POR"]
[SourceTitle "playchess.com"]
[Source "ChessBase"]
[SourceQuality "1"]
[TimeControl "5400+30"]

{[%evp 20,106,31,-14,-10,-46,-22,32767,-22,-13,-10,-18,16,25,25,22,20,0,26,19,83,20,25,0,11,10,20,-17,-1,-40,0,-793,0,-48,-37,-51,-38,-73,-73,-116,-103,32767,32767,32767,32767,32767,32767,32767,32767,32767,32767,-249,-26,-38,-15,-34,-29,-22,-12,-19,0,-8,0,32767,32767,32767,32767,32767,32767,-8,32767,32767,32767,-8,-8,0,0,-8,-8,-8,-8,-8,-8,-8,-8,-8,0,-29972,0]} 1. d4 {[%emt 0:00:00]} Nf6 {[%emt 0:05:24]} 2. Nf3 {[%emt 0:00:00]} c5 {[%emt 0:00:56]} 3. e3 {[%emt 0:00:16]} e6 {[%emt 0:01:00]} 4. c4 {[%emt 0:00:09]} b6 {[%emt 0:00:29]} 5. Nc3 {[%emt 0:00:09]} cxd4 {[%emt 0:01:35] E14: Queen's Indian: Classical Variation (4 e3)} (5... Be7 6. d5 exd5 7. cxd5 d6 8. h3 O-O 9. e4 Re8 10. Bd3 Ba6 11. O-O Bxd3 12. Qxd3 a6 13. a4 Nbd7 14. Bf4 Qc7 15. Nd2 Bf8 16. Rfe1 Ne5 17. Bxe5 Rxe5 18. Nc4 Ree8 19. f4 Nd7 {½-½ (19) Yemelin,V (2558)-Tazbir,M (2521) Czech Republic 2017}) 6. Nxd4 {[%emt 0:00:29]} Bb7 {[%emt 0:00:56]} 7. b3 {[%emt 0:00:24]} Be7 {[%emt 0:03:03]} 8. Bb2 {[%emt 0:00:14]} O-O {[%emt 0:00:16]} 9. Nf3 {[%emt 0:01:08]} Na6 $146 {[%emt 0:06:00]} ({Predecessor:} 9... d5 10. Rc1 Nbd7 11. Be2 dxc4 12. Bxc4 a6 13. a4 Rc8 14. Qe2 Rc7 15. O-O Bxf3 16. gxf3 {0-1 (38) Kostava,E (1756)-Prakapuk,V (1908) Khanty-Mansiysk 2016}) 10. Be2 {[%emt 0:01:09]} d5 {[%emt 0:06:49]} 11. O-O {[%emt 0:01:07]} dxc4 {[%emt 0:05:34]} 12. bxc4 {[%emt 0:01:49]} Qxd1 {[%emt 0:01:22]} 13. Rfxd1 {[%emt 0:00:38]} Nc5 {[%emt 0:10:15]} 14. Nd4 {[%emt 0:00:20]} g6 {[%emt 0:00:42]} 15. a4 {[%emt 0:01:47]} Rac8 {[%emt 0:03:31]} 16. a5 {[%emt 0:02:46]} bxa5 {[%emt 0:12:25]} 17. Rxa5 {[%emt 0:00:54]} a6 {[%emt 0:05:22]} 18. Raa1 {[%emt 0:00:43]} Nfe4 {[%emt 0:07:56]} 19. Nxe4 {[%emt 0:01:58]} Nxe4 {[%emt 0:05:24]} (19... Bxe4 $11 20. Ba3 Rfd8) 20. f3 {[%emt 0:00:38]} (20. Nxe6 $16 fxe6 21. Rd7) 20... Nc5 {[%emt 0:00:20]} 21. Kf2 {[%emt 0:02:13]} e5 {[%emt 0:01:44]} 22. Nc2 {[%emt 0:01:50]} f6 {[%emt 0:00:28]} 23. g3 {[%emt 0:01:30]} Rfd8 {[%emt 0:00:48]} 24. h4 {[%emt 0:00:28]} Nb3 {[%emt 0:04:50]} 25. Rxd8+ $11 {[%emt 0:01:16]} (25. Rd7 $2 {[%mdl 8192]}) 25... Rxd8 {[%emt 0:00:15]} 26. Rd1 {[%emt 0:00:34]} (26. Rb1 $5 Nc5 27. Bc3 $11) 26... Rxd1 {[%emt 0:02:32]} 27. Bxd1 {[%emt 0:00:12]} Kf7 {[%emt 0:03:32]} 28. Be2 {[%emt 0:00:27]} a5 {[%emt 0:01:15]} 29. Ba3 {[%emt 0:01:04]} Ba6 {[%emt 0:02:45]} 30. Bxe7 {[%emt 0:00:58]} Kxe7 {[%emt 0:00:00]} 31. g4 {[%emt 0:01:25]} Nc1 {[%emt 0:00:51]} 32. Bf1 {[%emt 0:00:48]} Kd7 {[%emt 0:02:04]} 33. e4 {[%emt 0:01:01]} Kc6 {[%emt 0:00:44]} 34. Ke3 {[%emt 0:01:10]} Nb3 {[%emt 0:01:23]} 35. Kd3 {[%emt 0:01:40] [#]} Nc5+ $2 {[%emt 0:01:57]} (35... Bxc4+ $1 $19 {[%mdl 512]} 36. Kxc4 Nd2+ 37. Kd3 Nxf1) 36. Kc3 {[%emt 0:00:24]} Ne6 {[%emt 0:00:21]} 37. Ne3 $1 {[%emt 0:01:25]} Nd4 {[%emt 0:01:01]} 38. Nd5 {[%emt 0:02:52]} Nxf3 {[%emt 0:01:05]} 39. Nxf6 {[%emt 0:03:10]} h5 {[%emt 0:00:51]} 40. gxh5 {[%emt 0:01:08]} gxh5 {[%emt 0:00:00]} 41. Nxh5 {[%emt 0:00:50]} Nxh4 {[%emt 0:00:07]} 42. Nf6 {[%emt 0:01:04]} Ng6 {[%emt 0:01:32]} 43. Kb3 {[%emt 0:01:01]} Kc5 {[%emt 0:01:00]} 44. Ka4 {[%emt 0:01:29]} Bxc4 {[%emt 0:00:35]} 45. Bxc4 Kxc4 46. Kxa5 {[%emt 0:01:20]} Kd4 {[%emt 0:00:45]} 47. Kb5 {[%emt 0:01:47]} Nf4 {[%emt 0:00:13]} 48. Kc6 {[%emt 0:00:40]} Ne2 {[%emt 0:00:28]} 49. Kd6 {[%emt 0:00:06]} Nc3 {[%emt 0:00:09]} 50. Nd7 {[%emt 0:00:39]} Nxe4+ {[%emt 0:00:06]} 51. Ke6 {[%emt 0:01:35]} Ng5+ {[%emt 0:00:26]} 52. Kf6 {[%emt 0:00:53]} e4 {[%emt 0:01:38]} 53. Kf5 $2 (53. Kxg5 $11 e3 54. Kf4) 53... Kd5 $11 ({Black should try} 53... e3 $19 54. Ne5 e2 55. Nc6+ Kc5) 0-1